Statistiques concernant Dragon Ball Z : Dokkan Battle - Personnages sortis en 2022

Cliquez ici pour prendre le quiz!

Statistiques générales

  • Ce quiz a été pris 58 fois
  • Le résultat moyen est 10 sur 20

Statistiques - réponses

Réponse% Correct
Majin Vegeta
87%
Yamcha
80%
Piccolo
79%
Broly
78%
Son Goku (Kaioken)
73%
Jaco
69%
Nappa
69%
Yajirobe
69%
Golden Freezer
67%
Pan (GT)
65%
Bardock
63%
Vegeta (Gorille)
63%
Métal Cooler
60%
Goku Black
59%
Gamma 1
58%
Toma
54%
Son Gohan ultime
53%
Son Goku (enfant)
53%
Son Goku & Piccolo
53%
C-16 & C-18
50%
Céhui
50%
Krillin & Son Gohan (enfant)
50%
Son Goku Super Saiyan divin & Vegeta Super Saiyan divin
50%
Vegeta Super Saiyan
50%
Cell (1re forme)
47%
Son Goku Super Saiyan
47%
Goku Super Saiyan
46%
Raditz
46%
Trunks (jeune) & Son Goten (jeune)
46%
Gamma 2
45%
Piccolo (éveil de puissance)
44%
Ginyu
43%
Reacum & Guldo
42%
Pan (petite)
40%
Son Goku Super Saiyan & Vegeta Super Saiyan
38%
The name of LR INT Half-Corrupted Fusion Zamasu is incorrect. Please change the name to "Fusion Zamasu" in Dokkan Battle. 先日登場したLR合体ザマス(半身崩壊) のキャラクター名が間違っています。 「合体ザマス」へ修正をお願いします。 #DokkanBattle #FixZamasu
38%
Vegeta Super Saiyan divin SS & Trunks Super Saiyan (Futur)
35%
COOLA COOLA, FRIEZA NO BROTHER
33%
Son Goku Super Saiyan 4 & Vegeta Super Saiyan 4
26%
Son Goku Super Saiyan & Gohan Super Saiyan (enfant)
24%
Trunks Super Saiyan (petit) & Son Goten Super Saiyan (petit)
24%
GokuTPEssentials
21%
Trunks (GT) & Gill
17%
I Shenron
14%
Son Goku Super Saiyan divin SS/Vegeta Super Saiyan divin SS
12%
Jeese & Butta
6%

Distribution des résultats

Percentile par nombre de réponses

% des personnes avec chaque résultat

Votre développement - résultats

Vous n’avez pas pris ce quiz